HIMYM Trivia 2 - Statistics

General Stats
  • This quiz has been taken 481 times
    245 since last reset
  • The average score is 6 of 15
Answer Stats
Hint Answer % Correct
What the name is given to Barneyon a coffee cup Swarley
79%
Where Ted was going to move after Barney and Robin's wedding Chicago
73%
The road trip song Ted and Marshalllisten to 500 miles
69%
The bartender's name from Maclaren'sPub Carl
69%
Name of Barney's stripper ex-girlfriend Quinn
60%
Ted's name for his company Mosbius Designs
47%
Marshall's hometown St Cloud
45%
What event do the gang decide to makea tradition Robots vs Wrestlers
41%
Lily's dad's name Mickey
30%
The (full) name of The Mother Tracy McConnell
28%
The real karate kid Billy Zabka
25%
What does Barney call his apartment Fortress of Barnitude
25%
Marshall's folksong Marshall vs the Machines
21%
Who joins Marshall to look for the perfect burger Regis Philbin
19%
What is Robin's dad's name Robin Scherbatsky Sr.
8%
No matching quizzes found
Score Distribution
Percent of People with Each Score
Percentile by Number Answered
Your Score History
You have not taken this quiz since the last reset